Vista normal
Vista MARC
- Catalán Barrios, Ricardo
Entrada Nombre personal
Número de registros utilizados en: 2
001 - NÚMERO DE CONTROL
- campo de control: 9866
003 - IDENTIFICADOR DE NÚMERO DE CONTROL
- campo de control: OSt
005 - FECHA Y HORA DE LA ÚLTIMA TRANSACCIÓN
- campo de control: 20240904144920.0
008 - ELEMENTOS DE DATO DE LONGITUD-FIJA
- campo de control de longitud fija: 240904|| aca||aabn | a|a d
040 ## - FUENTE DE CATALOGACIÓN
- Centro catalogador/agencia de origen: OSt
- Centro/agencia transcriptor: OSt
100 ## - ENCABEZAMIENTO-NOMBRE DE PERSONA
- Nombre de persona: Catalán Barrios, Ricardo
670 ## - FUENTE DE DATOS ENCONTRADOS
- Cita de la fuente: Work cat.: (OSt)3681: Guillermo Coy, Chrisley Yasmín 9865, Evaluación clínica y radiográfica de incrustaciones de resina compuesta realizadas en la Clínica de la Facultad de Odontología de la Universidad de San Carlos de Guatemala en el período 2011-2012., 2013

